000
00454nam a2200193Ia 4500
008
151119s9999||||xx |||||||||||||| ||und||
082
_a
891.463
082
_b
GKKV2617
100
_a
शेळके उद्धव
245
_a
धग
260
_a
--
260
_b
--
260
_c
1983
600
_a
शेळके उद्धव
630
_a
धग
700
_a
शेळके उद्धव
730
_a
धग
942
_c
BOOK
999
_c
1058519
_d
1058516